|
|
|
|
| LEADER |
00000nam0a2200000 4500 |
| 001 |
345683 |
| 005 |
20231102005812.0 |
| 010 |
|
|
|a 9785020408029
|
| 035 |
|
|
|a (RuTPU)RU\TPU\book\377536
|
| 090 |
|
|
|a 345683
|
| 100 |
|
|
|a 20210210d2020 k y0rusy50 ca
|
| 101 |
0 |
|
|a rus
|
| 102 |
|
|
|a RU
|
| 105 |
|
|
|a a z 001zy
|
| 200 |
1 |
|
|a Проблемы и пути обеспечения неравномерного электропотребления в условиях растущей доли АЭС в энергосистемах
|f Р. З. Аминов, А. Н. Егоров
|g Саратовский научный центр РАН
|
| 210 |
|
|
|a Москва
|c Наука
|d 2020
|
| 215 |
|
|
|a 272 с.
|c ил.
|
| 320 |
|
|
|a Библиогр.: с. 259-269
|
| 330 |
|
|
|a В работе рассмотрены основные проблемы, связанные с функционированием энергосистем в условиях растущей доли АЭС, и пути их решения. Проведен анализ известных энергосистем и предложены альтернативные пути обеспечения АЭС базовой нагрузкой и ее участия в переменной части графика электропотребления и первичном регулировании частоты тока и мощности на основе водородных энергетических комплексов и газотурбинных установок. Рассмотрены воздушно-аккумулируюшие установки, а также варианты перевода газоперекачивающих станций в режим потребителя-регулятора с потреблением электроэнергии из энергосистемы для привода компрессорных агрегатов во внепиковый период. Предложены и исследованы новые пути повышения эффективности использования водородного топлива при комбинировании АЭС с водородным энергокомплексом. Представлены разработанные авторами схемные решения на базе замкнутого водородного цикла. Затронут вопрос влияния переменных режимов работы на ресурс генерирующего оборудования в условиях работы в переменной части графика электрических нагрузок, обоснованы наиболее ресурсосберегающие схемные варианты и режимы функционирования генерирующих источников. Разработана методика расчета и проведены исследования влияния участия АЭС, ГТУ, ПГУ и конденсационного энергоблока ТЭС в первичном регулировании частоты и мощности в энергосистеме на выработку ресурса и технико-экономические показатели с учетом технологических особенностей работы этих энергоустановок. В результате определены экономически оправданные зоны использования для различного типа генерирующего оборудования. Для работников научно-исследовательских и проектных организаций, специалистов, аспирантов и студентов старших курсов энергетических специальностей.
|
| 606 |
1 |
|
|a Энергетические системы
|2 stltpush
|3 (RuTPU)RU\TPU\subj\21249
|9 46268
|
| 606 |
1 |
|
|a Атомные электрические станции
|2 stltpush
|3 (RuTPU)RU\TPU\subj\72348
|9 85907
|
| 610 |
1 |
|
|a электропотребление
|
| 610 |
1 |
|
|a электрические нагрузки
|
| 610 |
1 |
|
|a графики
|
| 610 |
1 |
|
|a энергосистемы
|
| 610 |
1 |
|
|a АЭС
|
| 610 |
1 |
|
|a базисная нагрузка
|
| 610 |
1 |
|
|a энергогенерирующие установки
|
| 610 |
1 |
|
|a системные требования
|
| 610 |
1 |
|
|a циклические режимы
|
| 610 |
1 |
|
|a оборудование
|
| 610 |
1 |
|
|a износоустойчивость
|
| 610 |
1 |
|
|a водородные циклы
|
| 610 |
1 |
|
|a частота
|
| 610 |
1 |
|
|a первичное регулирование
|
| 610 |
1 |
|
|a энергоустановки
|
| 675 |
|
|
|a 621.311
|v 4
|
| 675 |
|
|
|a 621.311.25:621.039
|v 4
|
| 700 |
|
1 |
|a Аминов
|b Р. З.
|g Рашид Зарифович
|
| 701 |
|
1 |
|a Егоров
|b А. Н.
|g Александр Николаевич
|
| 712 |
0 |
2 |
|a Российская академия наук
|b Саратовский научный центр
|2 stltpush
|3 (RuTPU)RU\TPU\col\25217
|9 28483
|
| 801 |
|
1 |
|a RU
|b 63413507
|c 20210210
|
| 801 |
|
2 |
|a RU
|b 63413507
|c 20220112
|g RCR
|
| 942 |
|
|
|c BK
|